| 000 | 00919nam a22001817a 4500 | ||
|---|---|---|---|
| 003 | CEME | ||
| 005 | 20210628201721.0 | ||
| 008 | 210215b xxu||||| |||| 00| 0 eng d | ||
| 020 | _a0082-0784 | ||
| 040 | _c. | ||
| 082 | _a621.4023 PRO | ||
| 100 |
_aDriscoll, James.F Candel, Sebastien _956512 |
||
| 245 | _aProceedings of the combustion institute vol 28 part-1 | ||
| 260 |
_aUSA _bTHE COMBUSTION INSTITUTE _c2000 |
||
| 300 | _aXLIV,1461P | ||
| 650 |
_aTURBULENT COMBUSTION DETONATIONS AND SHOCK INDUCED COMBUSTION SCRAMJET COMBUSTION COMBUSTION CONTROL COMBUSTION INSTABILITY COMBUSTION OF SOLID PROPELLANTS COMBUSTION OF LIQUID FUELS COMBUSTION OF ENGINES GAS TURBINE AND FURANCE COMBUSTION CATALYTIC COMBUSTION MATERIAL SYNTHESIS ELEMENTARY REACTION KINETICS KINETICS MECHANISMS LAMINAR PREMIXED FLAMES LAMINAR DIFFUSION FLAMES COMBUSTION OF SOLID FUELS FIRE IGNITION AND FLAME SPREAD _956513 |
||
| 942 |
_cBK _2ddc |
||
| 999 |
_c566899 _d566899 |
||